| 000 | 00561nam a22001577a 4500 | ||
|---|---|---|---|
| 003 | NUST | ||
| 038 | _aNusrat Nadeem | ||
| 082 | _a200 | ||
| 100 |
_aHashmi, Namra _9132211 |
||
| 245 |
_aExploring the Efficacy of Machine Translation for Literary Text: A Case Study of Urdu-to-English Translation/ _cNamra Hashmi, |
||
| 264 |
_aIslamabad: _bSEECS NUST. _c2025. |
||
| 650 |
_aMS- Innovative Technologies in Education _927351 |
||
| 700 |
_aSupervisor: Dr. Arham Muslim _9104694 |
||
| 856 | _uhttp://10.250.8.41:8080/xmlui/handle/123456789/56515 | ||
| 942 |
_2ddc _cSC |
||
| 999 |
_c615471 _d615471 |
||